[Event "SCG-chT2"]
[Site "Sutomore"]
[Date "2004.09.11"]
[Round "2.2"]
[White "Stanojevic, Branko"]
[Black "Dujkovic, Sinisa"]
[Result "1-0"]
[WhiteElo "2332"]
[BlackElo "2395"]
[PlyCount "49"]
[EventDate "2004.09.10"]
[EventType "team-tourn"]
[EventRounds "9"]
[EventCountry "YUG"]
[SourceTitle "CBM 102 Extra"]
[Source "ChessBase"]
[SourceDate "2004.11.03"]
[SourceVersion "1"]
[SourceVersionDate "2004.11.03"]
[SourceQuality "1"]
[WhiteTeam "07"]
[BlackTeam "01"]
[WhiteTeamCountry "YUG"]
[BlackTeamCountry "YUG"]

1. c4 Nf6 2. Nc3 g6 3. d4 Bg7 4. e4 d6 5. Be2 0-0 6. Bg5 Na6 7. Qd2 e5 8. d5 Qe8 9. h4 Nc5 10. f3 Nh5 11. g4 Nf4 12. Nh3 Nxh3 13. Rxh3 f5 14. h5 fxg4 15. fxg4 Bd7 16. 0-0-0 Rf2 17. Qe3 Rf4 18. Bxf4 exf4 19. Qxf4 Qe7 20. hxg6 hxg6 21. Rdh1 Rf8 22. Qh2 Qf6 23. Rh8+ Kf7 24. Rxf8+ Kxf8 25. Rf1 1-0

[Event "SCG-chT2"]
[Site "Sutomore"]
[Date "2004.09.10"]
[Round "1.2"]
[White "Dujkovic, Sinisa"]
[Black "Rabrenovic, Milinko"]
[Result "1/2-1/2"]
[WhiteElo "2395"]
[BlackElo "2300"]
[PlyCount "54"]
[EventDate "2004.09.10"]
[EventType "team-tourn"]
[EventRounds "9"]
[EventCountry "YUG"]
[SourceTitle "CBM 102 Extra"]
[Source "ChessBase"]
[SourceDate "2004.11.03"]
[SourceVersion "1"]
[SourceVersionDate "2004.11.03"]
[SourceQuality "1"]
[WhiteTeam "01"]
[BlackTeam "08"]
[WhiteTeamCountry "YUG"]
[BlackTeamCountry "YUG"]

1. e4 c5 2. Nc3 Nc6 3. Bb5 Na5 4. Nf3 a6 5. Be2 b5 6. d4 cxd4 7. Nxd4 Bb7 8. 0-0 e6 9. Re1 Qb8 10. Bf3 Bd6 11. g3 Nf6 12. Bg2 Nc4 13. b3 Bb4 14. Nde2 Ne5 15. Bb2 Bc5 16. Rf1 h5 17. Nf4 h4 18. Qe2 hxg3 19. hxg3 Nfg4 20. Nd1 Nh2 21. Re1 g5 22. Nd3 Nef3+ 23. Bxf3 Qxg3+ 24. Bg2 g4 25. Bxh8 Nf3+ 26. Kf1 Nh2+ 27. Kg1 Nf3+ 1/2-1/2

[Event "SCG-chT"]
[Site "Petrovac"]
[Date "2004.05.22"]
[Round "7.2"]
[White "Jeremic, Veljko"]
[Black "Dujkovic, Sinisa"]
[Result "1-0"]
[WhiteElo "2490"]
[BlackElo "2386"]
[PlyCount "83"]
[EventDate "2004.05.16"]
[EventType "team-tourn"]
[EventRounds "7"]
[EventCountry "YUG"]
[SourceTitle "CBM 100 Extra"]
[Source "ChessBase"]
[SourceDate "2004.07.06"]
[SourceVersion "2"]
[SourceVersionDate "2004.07.06"]
[SourceQuality "1"]
[WhiteTeam "11"]
[BlackTeam "12"]
[WhiteTeamCountry "YUG"]
[BlackTeamCountry "YUG"]

1. d4 f5 2. g3 Nf6 3. Bg2 e6 4. Nh3 c6 5. 0-0 Be7 6. Nd2 0-0 7. e4 Nxe4 8. Nxe4 fxe4 9. Bxe4 Bf6 10. Qd3 g6 11. Bh6 Bg7 12. Bxg7 Kxg7 13. Bg2 d6 14. Rae1 Na6 15. Qd2 Bd7 16. Re4 Nc7 17. Rh4 h5 18. Re4 a5 19. Rfe1 Qf6 20. Nf4 h4 21. Bh3 hxg3 22. fxg3 Rae8 23. Nxg6 Kxg6 24. Rg4+ Kh7 25. Qd3+ Kh8 26. Rh4+ Qxh4 27. gxh4 Nd5 28. Rf1 Nf4 29. Qe3 Nxh3+ 30. Qxh3 Rg8+ 31. Kf2 Rg7 32. Qe3 e5 33. Qh6+ Kg8 34. Ke1 Bh3 35. Rf6 exd4+ 36. Kd2 c5 37. Rg6 Ree7 38. Rxg7+ Rxg7 39. Qxd6 c4 40. Qd5+ Kh7 41. Qxc4 Rg2+ 42. Ke1 1-0